Blockchain and machine learning for IoT security / (Record no. 51819)

MARC details
000 -LEADER
fixed length control field 00694nam a2200253Ia 4500
005 - DATE AND TIME OF LATEST TRANSACTION
control field 20260429112010.0
008 - FIXED-LENGTH DATA ELEMENTS--GENERAL INFORMATION
fixed length control field 260429s9999||||xx |||||||||||||| ||und||
020 ## - INTERNATIONAL STANDARD BOOK NUMBER
International Standard Book Number 9781032563442
041 ## - LANGUAGE CODE
Language English
082 ## - DEWEY DECIMAL CLASSIFICATION NUMBER
Classification number 005.8
Item number AZR
100 ## - MAIN ENTRY--PERSONAL NAME
Personal name Azrour, Mourade
245 #0 - TITLE STATEMENT
Title Blockchain and machine learning for IoT security /
Statement of responsibility, etc Mourade Azrour
250 ## - EDITION STATEMENT
Edition statement 1st ed.
260 ## - PUBLICATION, DISTRIBUTION, ETC. (IMPRINT)
Place of publication, distribution, etc Florida :
Name of publisher, distributor, etc Chapman and Hall/CRC,
Date of publication, distribution, etc 2024.
300 ## - PHYSICAL DESCRIPTION
Extent xi, 151 p.; pbk
650 ## - SUBJECT ADDED ENTRY--TOPICAL TERM
Topical term or geographic name as entry element Cybersecurity
650 ## - SUBJECT ADDED ENTRY--TOPICAL TERM
Topical term or geographic name as entry element Internet of things
650 ## - SUBJECT ADDED ENTRY--TOPICAL TERM
Topical term or geographic name as entry element Machine learning
650 ## - SUBJECT ADDED ENTRY--TOPICAL TERM
Topical term or geographic name as entry element Blockchain
700 ## - ADDED ENTRY--PERSONAL NAME
Personal name Benkirane, Said
700 ## - ADDED ENTRY--PERSONAL NAME
Personal name Guezzaz, Azidine
700 ## - ADDED ENTRY--PERSONAL NAME
Personal name Mabrouki, Jamal
942 ## - ADDED ENTRY ELEMENTS (KOHA)
Koha item type Text Books
Holdings
Withdrawn status Lost status Damaged status Not for loan Collection code Home library Location Shelving location Date of Cataloging Source of acquisition Total Checkouts Full call number Barcode Date last seen Price effective from Koha item type
        Non-fiction CUTN Central Library CUTN Central Library Generalia 29/04/2026 SansRack Publishing Solutions, Chennai - Invoice No. S131/25-26 on 11-02-2026   005.8 AZR 56858 29/04/2026 29/04/2026 Text Books